Welcome to the Holygrace Academy Library

Please use search bar below to get started

EVERYDAY USAGE OF COMMON PHRASES (Record no. 3787)

MARC details
000 -LEADER
fixed length control field 00274nam a22001217a 4500
020 ## - INTERNATIONAL STANDARD BOOK NUMBER
ISBN 818269561-9
082 ## - DEWEY DECIMAL CLASSIFICATION NUMBER
Classification number 425
Item number MAN/E
245 ## - TITLE STATEMENT
Title EVERYDAY USAGE OF COMMON PHRASES
260 ## - PUBLICATION, DISTRIBUTION, ETC. (IMPRINT)
Place of publication DELHI
Name of publisher BLACK ROSE PUBLICATIONS
300 ## - PHYSICAL DESCRIPTION
Number of Pages 175
650 ## - SUBJECT ADDED ENTRY--TOPICAL TERM
Topical Term PHRASES
Geographic subdivision DELHI
942 ## - ADDED ENTRY ELEMENTS (KOHA)
Koha item type Books
Holdings
Withdrawn status Lost status Collection code Home library Current library Shelving location Date acquired Source of acquisition Full call number Accession Number Koha item type
    Reference Main Library Main Library SHELF-16C -ENGLISH GRAMMAR SYNONYMS7ANTONYMS,LETTERS, ETC 02/10/2006 PURCHASE 425 MAN/E 00850 Books